000 01031nam a2200445Ia 4500
001 2308
003 4739
005 20250225065833.0
008 ||||||n9999 ||| || ||
041 _aspa
082 _219
_a323
100 _aSilvert, Kalman
_94500
245 0 _aNacionalismo y politica de desarrollo
260 _aBuenos Aires :
_bPAIDO,
_c1965.
300 _a127p
490 _aBiblioteca de Psicologia social y sociologia. Serie menor
_v9
562 _e1
650 0 _aAMÉRICA LATINA
_922
650 0 _aCiencias políticas
_9939
650 0 _aDesarrollo económico
_91884
650 0 _aNacionalismo
_93488
650 0 _aSociología
_9884
942 _cBKM
942 _cBKM
999 _c2308
_d2308
526 _a102618
526 _a15794
526 _a102619
526 _a102620
526 _a10406
526 _a105630
526 _a1698
526 _a116204
526 _a4969
526 _a19790
526 _a104436
526 _a5144
526 _a51868
526 _a1703
526 _a1697